De psicología de los pueblos y de folklore (Record no. 13914)

MARC details
000 -LEADER
campo de control de longitud fija 00894nam a2200217 i 4500
001 - NÚMERO DE CONTROL
campo de control 13914
003 - IDENTIFICADOR DE NÚMERO DE CONTROL
campo de control ES-MaACL
005 - FECHA Y HORA DE LA ÚLTIMA TRANSACCIÓN
campo de control 20230906150705.0
007 - CAMPO FIJO DE DESCRIPCIÓN FÍSICA--INFORMACIÓN GENERAL
campo de control de longitud fija t|
008 - DATOS DE LONGITUD FIJA--INFORMACIÓN GENERAL
campo de control de longitud fija 970320s1995 sp ||||0| spa
020 ## - NÚMERO INTERNACIONAL ESTÁNDAR DEL LIBRO
Número Internacional Estándar del Libro 84-600-9250-X
080 ## - NÚMERO DE LA CLASIFICACIÓN DECIMAL UNIVERSAL
Número de la Clasificación Decimal Universal 1 Unamuno, Miguel de
100 1# - ENTRADA PRINCIPAL--NOMBRE DE PERSONA
Nombre de persona Ereño Altuna, José Antonio.
9 (RLIN) 47381
245 10 - MENCIÓN DEL TÍTULO
Título De psicología de los pueblos y de folklore
Resto del título : con motivo de tres textos desconocidos de Unamuno /
Mención de responsabilidad, etc. José Antonio Ereño Altuna.
260 ## - PUBLICACIÓN, DISTRIBUCIÓN, ETC.
Lugar de publicación, distribución, etc. Bilbao :
Nombre del editor, distribuidor, etc. J.A. Ereño,
Fecha de publicación, distribución, etc. 1995 (
Lugar de fabricación/manufactura Erandio :
Fabricante A.G. Rontegui)
300 ## - DESCRIPCIÓN FÍSICA
Extensión 75 p ;
Dimensiones 26 cm.
594 ## - Nota al título y mención de responsabilidad
Nota al título y mención de responsabilidad Incluye (p. 49-67) tres artículos de Unamuno publ. en: Revista crítica de historia y de literatura españolas, 1895.
600 14 - PUNTO DE ACCESO ADICIONAL DE MATERIA--NOMBRE DE PERSONA
Nombre de persona Unamuno, Miguel de,
Fechas asociadas al nombre 1864-1936-
Subdivisión general Crítica e interpretación
9 (RLIN) 111984
852 ## - LOCALIZACIÓN
Ubicación ES-MaACL
Número de control de estantería L-21179
Nota libre - Dedicatoria autógrafa del autor
Holdings
Estatus retirado Estado de pérdida Estado de daño No para préstamo Biblioteca de origen Biblioteca actual Ubicación en estantería Fecha de adquisición Fuente de adquisición Total de préstamos Signatura topográfica completa Código de barras Visto por última vez Precio de reemplazo Tipo de ítem Koha
        Biblioteca del Ateneo de Madrid Biblioteca del Ateneo de Madrid Depósito 2 17/01/2008     L-21179 1014158 23/02/2023 23/02/2023 Libro impreso